Eurovision Song Contest winning song (1956-2024) - Statistics

General Stats
  • This quiz has been taken 22 times
    16 since last reset
  • The average score is 33 of 71
Answer Stats
Year Country Artist Song % Correct
2012 Sweden Loreen Euphoria
100%
2009 Norway Alexander Rybak Fairytale
100%
2022 Ukraine Kalush Orchestra Stefania
100%
2023 Sweden Loreen Tattoo
100%
2018 Israel Netta Toy
100%
2021 Italy Måneskin Zitti e Buoni
100%
2016 Ukraine Jamala 1944
89%
2019 The Netherlands Duncan Laurence Arcade
89%
1979 Israel Milk and Honey Hallelujah
89%
2006 Finland Lordi Hard Rock Hallelujah
89%
2015 Sweden Måns Zelmerlöw Heroes
89%
2005 Greece Helena Paparizou My Number One
89%
2024 Switzerland Nemo The Code
89%
1998 Israel Dana International Diva
78%
2013 Denmark Emmelie de Forest Only Teardrops
78%
2014 Austria Conchita Wurst Rise Like a Phoenix
78%
2010 Germany Lena Satellite
78%
1974 Sweden ABBA Waterloo
78%
2004 Ukraine Ruslana Wild Dances
78%
2003 Turkey Sertab Erener Everyway That I Can
67%
2007 Serbia Marija Šerifović Molitva
67%
2011 Azerbaijan Ell/Nikki Running Scared
67%
2017 Portugal Salvador Sobral Amar Pelos Dois
56%
2008 Russia Dima Bilan Believe
56%
2000 Denmark Olsen brothers Fly On The Wings of Love
56%
2002 Latvia Marie N I Wanna
56%
1995 Norway Secret Garden Nocturne
56%
2001 Estonia Tanel Padar, Dave Benton & 2XL Everybody
44%
1987 Ireland Johnny Logan Hold Me Now
44%
1993 Ireland Niamh Kavanagh In Your Eyes
44%
1986 Belgium Sandra Kim J'aime La Vie
44%
1997 United Kingdom Katrina and The Waves Love Shine A Light
44%
1956 Switzerland Lys Assia Refrain
44%
1989 Yugoslavia Riva Rock Me
44%
1994 Ireland Paul Harrington and Charlie McGettigan Rock 'n' Roll Kids
44%
1999 Sweden Charlotte Nilsson Take Me To Your Heaven
44%
1996 Ireland Eimear Quinn The Voice
44%
1978 Israel Izhar Cohen and the Alphabeta Abanibi
33%
1975 The Netherlands Teach-In Ding-a-Dong
33%
1991 Sweden Carola Fångad Av En Stormvind
33%
1985 Norway Bobbysocks La Det Swinge
33%
1968 Spain Massiel La, La, La...
33%
1981 United Kingdom Bucks Fizz Making Your Mind Up
33%
1992 Ireland Linda Martin Why Me
33%
1970 Ireland Dana All Kinds of Everything
22%
1963 Denmark Grethe and Jørgen Ingmann Dansevise
22%
1969 The Netherlands Lenny Kuhr De Troubadour
22%
1958 France André Claveau Dors Mon Amour
22%
1959 The Netherlands Teddy Scholten Een Beetje
22%
1982 Germany Nicole Ein Bißchen Frieden
22%
1990 Italy Toto Cutugno Insieme: 1992
22%
1966 Austria Udo Jürgens Merci Chérie
22%
1961 Luxembourg Jean-Claude Pascal Nous Les Amoureux
22%
1965 Luxembourg France Gall Poupée De Cire, Poupée De Son
22%
1967 United Kingdom Sandie Shaw Puppet On A String
22%
1976 United Kingdom Brotherhood of Man Save Your Kisses For Me
22%
1962 France Isabelle Aubret Un Premier Amour
22%
1980 Ireland Johnny Logan What's Another Year
22%
1972 Luxembourg Vicky Leandros Aprés Toi
11%
1969 United Kingdom Lulu Boom Bang-a-Bang
11%
1984 Sweden Herrey's Diggi-loo Diggy-ley
11%
1977 France Marie Myriam L'oiseau Et L'enfant
11%
1988 Switzerland Céline Dion Ne Partez Pas Sans Moi
11%
1957 The Netherlands Corry Brokken Net Als Toen
11%
1964 Italy Gigliola Cinquetti Non Ho L'étà
11%
1983 Luxembourg Corinne Hermés Si La Vie Est Cadeau
11%
1960 France Jacqueline Boyer Tom Pillibi
11%
1973 Luxembourg Anne-Marie David Tu Te Reconnaîtras
11%
1971 Monaco Séverine Un Banc, Un Arbre, Une Rue
11%
1969 France Frida Boccara Un Jour, Un Enfant
11%
1969 Spain Salomé Vivo Cantando
11%
No matching quizzes found
Score Distribution
Percent of People with Each Score
Percentile by Number Answered
Your Score History
You have not taken this quiz since the last reset